000 00412cam a22001337a 4500
008 180718b1973 xxu||||| |||| 00| 0 eng d
082 _aI582x5 W169
100 _aWalsh, John E.
245 _aGuidelines for management consultants in Asia
_cby John E. Walsh
260 _aTokyo
_bAsian Productivity Organisation
_c1973
300 _a205p.
650 _aBusiness consultants --Asia
650 _aBusiness consultants
999 _c356825
_d356825